000 00705nam a2200181Ia 4500
008 100917s9999 xx 000 0 und d
082 _b10842
100 _aटोळ दत्ता श्री.
245 _aभारत भुमिचे शिल्पकार (शास्त्रीजी)
260 _bदत्त प्रकाशन
_c1968
300 _a32
365 _b0.8
520 _aबालविभाग
630 _aभारत भुमिचे शिल्पकार (शास्त्रीजी)
650 _aबालविभाग
730 _aभारत भुमिचे शिल्पकार (शास्त्रीजी)
942 _cBOOK
999 _c616236
_d616233